Southville International School and Colleges
Your cart is empty.
  • Cart
  • Lists
    Public lists Eva Luna New books Lux_list list_1
    Your lists Log in to create your own lists
  • Log in to your account
  • Your cookies
  • Search history
Southville International School and Colleges
  • Advanced search
  • Recent comments
  • Most popular
  • Libraries

Log in to your account

Log in with GOOGLE


If you do not have an external account, but do have a local account, you can still log in:

  1. Home
  2. MARC view: The Trojan horse :
Normal view MARC view ISBD view

The Trojan horse : (Record no. 368782)

[ view plain ]
MARC details
000 -LEADER
fixed length control field 00787nam a22002177a 4500
003 - CONTROL NUMBER IDENTIFIER
control field 0
005 - DATE AND TIME OF LATEST TRANSACTION
control field 20260204142447.0
008 - FIXED-LENGTH DATA ELEMENTS--GENERAL INFORMATION
fixed length control field 260204b xxu||||| |||| 00| 0 eng d
020 ## - INTERNATIONAL STANDARD BOOK NUMBER
International Standard Book Number 978-971-630-155-7
050 ## - LIBRARY OF CONGRESS CALL NUMBER
Classification number FIL 398.20938
Item number Ma266 2007
082 ## - DEWEY DECIMAL CLASSIFICATION NUMBER
Classification number FIL 398.20938
Item number Ma266 2007
100 ## - MAIN ENTRY--PERSONAL NAME
Personal name Manuel, Peggy
240 ## - UNIFORM TITLE
Uniform title <a href="Ang Kabayo ng Troya">Ang Kabayo ng Troya</a>
Language of a work Filipino
245 ## - TITLE STATEMENT
Title The Trojan horse :
Remainder of title a bilingual flip book
Statement of responsibility, etc Retold by Peggy Manuel; pictures by Rita Badilla-Gudiño
260 ## - PUBLICATION, DISTRIBUTION, ETC. (IMPRINT)
Place of publication, distribution, etc Makati City :
Name of publisher, distributor, etc Tahanan Books for Young Readers,
Date of publication, distribution, etc 2007.
300 ## - PHYSICAL DESCRIPTION
Extent 32 unnumbered pages :
Other physical details colored illustrations ;
Dimensions 24 cm.
546 ## - LANGUAGE NOTE
Language note in English; in Filipino
650 ## - SUBJECT ADDED ENTRY--TOPICAL TERM
Topical term or geographic name as entry element Trojan horse (Greel mythology)
Form subdivision Juvenile literature.
650 ## - SUBJECT ADDED ENTRY--TOPICAL TERM
Topical term or geographic name as entry element Trojan war
Form subdivision Juvenile literature.
942 ## - ADDED ENTRY ELEMENTS (KOHA)
Source of classification or shelving scheme Dewey Decimal Classification
Koha item type Books
Holdings
Withdrawn status Lost status Source of classification or shelving scheme Damaged status Home library Current library Shelving location Date acquired Source of acquisition Sub Shelving location Total Checkouts Full call number Barcode Date last seen Price effective from Koha item type
    Dewey Decimal Classification   Munich Library Munich Library Filipiniana Section 02/04/2026 Library Fund     FIL 398.20938 Ma266 2007 M8351 02/04/2026 02/04/2026 Books

The Trojan horse :

APA

Manuel P., . (2007). The Trojan horse. Makati City: Tahanan Books for Young Readers.

Chicago

Manuel Peggy, . 2007. The Trojan horse. Makati City: Tahanan Books for Young Readers.

Harvard

Manuel P., . (2007). The Trojan horse. Makati City: Tahanan Books for Young Readers.

MLA

Manuel Peggy, . The Trojan horse. Makati City: Tahanan Books for Young Readers. 2007.

  • Place hold
  • Print
  • Cite
  • Add to your cart (remove)
  • Save record
    BIBTEX Dublin Core MARCXML MARC (non-Unicode/MARC-8) MARC (Unicode/UTF-8) MARC (Unicode/UTF-8, Standard) MODS (XML) RIS
  • More searches
    Search for this title in:
    Other Libraries (WorldCat) Other Databases (Google Scholar) Online Stores (Bookfinder.com) Open Library (openlibrary.org)

Exporting to Dublin Core...

SOUTHVILLE LIBRARY

Southville International School and Colleges Library

1281 Tropical Ave. Cor. Luxembourg St., BF Homes International, Las Pinas City

Tel. No. 8256374 / 252358 Loc. 117/146

Powered by Koha